Original 150 Pokemon Based On Animals (Gen 1) Quiz Stats

 Plays Quiz not verified by Sporcle

Challenge
Share
Tweet
Embed
Score 0/32 Timer 08:00
0 Plays Today
Animal Pokemon % Correct
SnakeEkans
97.1%
MonkeyMankey
93.7%
DuckPsyduck
93%
CaterpillarCaterpie
92.6%
MousePikachu
91.6%
BeeBeedrill
88.2%
JellyfishTentacool
87.5%
TurtleSquirtle
85.4%
FishGoldeen
85.1%
BullTauros
84.7%
BirdPidgey
84.2%
FoxVulpix
81.4%
HorsePonyta
81.3%
CocoonMetapod
80.7%
CrabKrabby
80.5%
ButterflyButterfree
79.4%
Animal Pokemon % Correct
BatZubat
79.1%
StarfishStaryu
78.6%
Sea LionSeel
78.5%
RatRattata
77.9%
MothVenomoth
77.3%
LizardCharmander
76.3%
CatMeowth
76.3%
SeahorseHorsea
75.6%
MantisScyther
75.5%
RhinoRhyhorn
73.7%
KangarooKangaskhan
72.6%
TadpolePoliwag
69.7%
DogGrowlithe
69.1%
HumanJynx
68.6%
Stag BeetlePinsir
58.6%
ShellfishKabuto
31.9%

You're not logged in!

Compare scores with friends on all Sporcle quizzes.
OR
Log In

You Might Also Like...

Show Comments

Extras

Top Quizzes Today


Score Distribution

Your Account Isn't Verified!

In order to create a playlist on Sporcle, you need to verify the email address you used during registration. Go to your Sporcle Settings to finish the process.

Report this User

Report this user for behavior that violates our Community Guidelines.

Details: